|
|
|
|
| LEADER |
00000cam a2200000 4500 |
| 001 |
vtls012253528 |
| 003 |
SK-MaSNL |
| 005 |
20260417131713.0 |
| 008 |
240325s2022 xxu f n 001 0 eng |
| 015 |
|
|
|a SNBZSA2024/01
|
| 020 |
|
|
|a 9781032126234
|q (set ;
|q viazané)
|
| 020 |
|
|
|a 9781032170688
|q (Volume 20 ;
|q viazané)
|
| 040 |
|
|
|a SNK
|b slo
|c SNK
|e rda
|
| 041 |
0 |
|
|a eng
|
| 043 |
|
|
|a ee-----
|
| 044 |
|
|
|a xxu
|c US
|a xxk
|c UK
|
| 072 |
|
7 |
|a 321
|x Politológia
|2 konspekt
|
| 080 |
|
|
|a 321.728+342.38
|2 2011
|
| 080 |
|
|
|a 328/329
|2 2011
|
| 080 |
|
|
|a 330.3
|2 2011
|
| 080 |
|
|
|a (4‑11)
|2 2011
|
| 080 |
|
|
|a (048.8)
|2 2011
|
| 100 |
1 |
|
|a Tampke, Jürgen,
|d 1944-2023
|4 aut
|9 503055
|
| 245 |
1 |
4 |
|a The people's republics of Eastern Europe
|c Jürgen Tampke
|
| 264 |
|
1 |
|a New York
|a London
|b Routledge, Taylor & Francis group
|c 2022
|
| 300 |
|
|
|a 178 strán
|c 24 cm
|
| 336 |
|
|
|a text
|b txt
|2 rdacontent
|
| 337 |
|
|
|a bez média
|b n
|2 rdamedia
|
| 338 |
|
|
|a zväzok
|b nc
|2 rdacarrier
|
| 490 |
1 |
|
|a Revolution
|v Volume 20
|
| 500 |
|
|
|a Reprint vydania z roku 1983
|
| 500 |
|
|
|a Obsahuje poznámky
|
| 504 |
|
|
|a Obsahuje bibliografie a register
|
| 650 |
0 |
7 |
|a republika
|2 SNKPH
|9 4703
|
| 650 |
0 |
7 |
|a politika a vláda
|2 SNKPH
|9 3868
|
| 650 |
0 |
7 |
|a ekonomické podmienky
|2 SNKPH
|9 71655
|
| 650 |
0 |
7 |
|a Republic
|2 SNKPHeng
|9 349926
|
| 650 |
0 |
7 |
|a Politics and government
|2 SNKPHeng
|9 280895
|
| 650 |
0 |
7 |
|a Economic conditions
|2 SNKPHeng
|9 265817
|
| 651 |
|
7 |
|a Európa východná
|2 SNKPHgeo
|9 167635
|
| 651 |
|
7 |
|a Europe, Eastern
|2 SNKPHeng
|9 229905
|
| 655 |
|
7 |
|a štúdie
|2 SNKPH
|9 57033
|
| 655 |
|
7 |
|a Studies
|2 SNKPHeng
|9 265573
|
| 830 |
|
0 |
|a Revolution
|9 503056
|
| 852 |
|
|
|a Slovenská národná knižnica
|
| 919 |
|
|
|a 978-1-032-12623-4
|
| 919 |
|
|
|a 978-1-032-17068-8
|
| 954 |
|
|
|a odborná, vedecká literatúra cudzojazyčná (svetová)
|2 lita
|
| 958 |
|
|
|a NB
|
| 958 |
|
|
|a ZS
|
| 999 |
|
|
|c 918436
|d 920366
|
| 952 |
|
|
|t 1
|a SNK
|b SNK
|y NEVYP
|7 1
|p 17A1578350
|o snkSC 214218
|i snk2026/5628
|8 4
|g 144.71
|0 0
|1 0
|2 udc
|4 0
|d 2024-03-25
|l 0
|r 2026-02-24 08:07:00
|w 2026-02-24
|